Helsingin pörssiin listatut yritykset - Statistics

Yleistilastot
  • Tätä visaa on pelattu 251 kertaa
  • Keskiarvotulos 29 / 142
Vastaustilastot
Ala Nimi Koko % Oikein
tietoliikennepalvelut N Nokia Oyj suuret
82%
peruskulutustuotteet K Kesko Oyj A suuret
75%
peruskulutustuotteet K Kesko Oyj B suuret
75%
rahoitus N Nordea Bank Abp suuret
75%
teollisuus K KONE Oyj suuret
74%
energia N Neste Oyj suuret
64%
tietoliikennepalvelut E Elisa Oyj suuret
57%
kulutushyödykkeet F Finnair Oyj keskisuuret
57%
terveydenhuolto O Orion Oyj A suuret
55%
terveydenhuolto O Orion Oyj B suuret
55%
tietoliikennepalvelut T Telia Company suuret
54%
perusteollisuus U UPM-Kymmene Oyj suuret
54%
teollisuus W Wärtsilä Oyj Abp suuret
54%
perusteollisuus M Metsä Board Oyj B suuret
51%
perusteollisuus M Metsä Board Oyj A suuret
51%
terveydenhuolto T Terveystalo Oyj keskisuuret
49%
yleishyödylliset palvelut F Fortum Oyj suuret
48%
teollisuus M Metso Oyj suuret
48%
perusteollisuus O Outokumpu Oyj suuret
48%
perusteollisuus S Stora Enso Oyj A suuret
44%
perusteollisuus S Stora Enso Oyj R suuret
44%
terveydenhuolto P Pihlajalinna Oyj keskisuuret
43%
teollisuus V Valmet Oyj suuret
43%
rahoitus A Aktia Bank Abp keskisuuret
41%
rahoitus S Sampo Oyj A suuret
41%
kulutushyödykkeet T Tokmanni Group Oyj keskisuuret
41%
peruskulutustuotteet A Atria Oyj A keskisuuret
40%
kulutushyödykkeet M Marimekko Oyj keskisuuret
39%
rahoitus Å Ålandsbanken Abp A keskisuuret
37%
rahoitus Å Ålandsbanken Abp B keskisuuret
37%
teollisuus K Konecranes Oyj suuret
37%
perusteollisuus K Kemira Oyj suuret
35%
kulutushyödykkeet F Fiskars Oyj Abp suuret
33%
terveydenhuolto O Oriola Oyj A keskisuuret
32%
terveydenhuolto O Oriola Oyj B keskisuuret
32%
kulutushyödykkeet P Puuilo Oyj keskisuuret
29%
perusteollisuus S SSAB A suuret
29%
perusteollisuus S SSAB B suuret
29%
peruskulutustuotteet R Raisio Oyj Vaihto-osake keskisuuret
28%
kulutushyödykkeet V Viking Line Abp keskisuuret
28%
teollisuus Y YIT Oyj keskisuuret
28%
teollisuus C Cargotec Oyj suuret
27%
teollisuus H Huhtamäki Oyj suuret
26%
teollisuus P Ponsse Oyj 1 keskisuuret
26%
kulutushyödykkeet H Harvia Oyj keskisuuret
25%
kulutushyödykkeet K Kamux Oyj keskisuuret
25%
kiinteistöyhtiöt K Kojamo Oyj suuret
25%
yleishyödylliset palvelut L Lassila & Tikanoja Oyj keskisuuret
25%
kulutushyödykkeet N Nokian Renkaat Oyj suuret
25%
kulutushyödykkeet A AS Tallink Group Oyj keskisuuret
24%
peruskulutustuotteet O Olvi Oyj A keskisuuret
24%
rahoitus M Mandatum suuret
21%
kiinteistöyhtiöt C Citycon Oyj suuret
20%
rahoitus O Oma Säästöpankki Oyj keskisuuret
20%
teknologia F F-Secure Oyj keskisuuret
19%
teollisuus K Kalmar Oyj B suuret
19%
kulutushyödykkeet S Sanoma Oyj suuret
19%
teollisuus K Kempower Oyj suuret
18%
kulutushyödykkeet L Lindex Group Oyj keskisuuret
18%
kulutushyödykkeet V Verkkokauppa.com Oyj pienet
18%
kulutushyödykkeet A Alma Media Oyj keskisuuret
17%
teknologia D Digia Oyj keskisuuret
17%
peruskulutustuotteet H HKFoods Oyj A pienet
17%
kulutushyödykkeet R Rapala VMC Oyj keskisuuret
17%
rahoitus U United Bankers Oyj pienet
17%
teollisuus L Lehto Group Oyj pienet
16%
perusteollisuus S Sotkamo Silver AB pienet
16%
kulutushyödykkeet W Wetteri Oyj pienet
16%
teollisuus S SRV Yhtiöt Oyj pienet
15%
teknologia T TietoEVRY Oyj suuret
15%
peruskulutustuotteet A Apetit Oyj pienet
14%
teollisuus C Consti Oyj pienet
14%
teollisuus E Eezy Oyj pienet
14%
teollisuus E Etteplan Oyj keskisuuret
14%
kulutushyödykkeet M Musti Group Oyj keskisuuret
14%
rahoitus P Panostaja Oyj pienet
14%
peruskulutustuotteet S Suominen Oyj keskisuuret
14%
teollisuus V Valoe Oyj pienet
14%
teollisuus A Aspo Oyj keskisuuret
13%
kulutushyödykkeet K Keskisuomalainen Oyj pienet
13%
rahoitus T Taaleri Oyj keskisuuret
13%
tietoliikennepalvelut T Teleste Oyj pienet
13%
teollisuus V Vaisala Oyj A suuret
13%
kulutushyödykkeet I Ilkka Oyj 2 pienet
12%
teknologia Q Qt Group Oyj suuret
12%
teollisuus W Wulff-Yhtiöt Oyj pienet
12%
teollisuus B Boreo Oyj pienet
11%
teknologia T Trainers' House Oyj pienet
10%
teollisuus N Nurminen Logistics Oyj pienet
8%
perusteollisuus A Afarak Group pienet
7%
rahoitus E Evli Oyj keskisuuret
7%
peruskulutustuotteet A Anora Group Oyj keskisuuret
6%
teknologia B Bittium Oyj keskisuuret
6%
perusteollisuus E Endomines Finland Oyj pienet
6%
teollisuus E Enersense International Oyj pienet
6%
rahoitus E eQ Oyj keskisuuret
6%
terveydenhuolto B Biohit Oyj B pienet
4%
rahoitus C CapMan Oyj keskisuuret
4%
kulutushyödykkeet M Martela Oyj A pienet
4%
kulutushyödykkeet R Remedy Enternainment Oyj keskisuuret
4%
teollisuus T Tulikivi Oyj A pienet
4%
rahoitus A Alisa Pankki Oyj pienet
3%
teknologia G Gofore Oyj keskisuuret
3%
teollisuus K Kesla Oyj A pienet
3%
teknologia S Siili Solutions Oyj pienet
3%
teknologia C Canatu Oyj A spac
2%
perusteollisuus C Componenta Oyj pienet
2%
teknologia D Digitalist Group Oyj pienet
2%
rahoitus E Enento Group Oyj keskisuuret
2%
teollisuus E Exel Composites Oyj pienet
2%
teollisuus G Glaston Oyj Abp pienet
2%
kulutushyödykkeet H Honkarakenne Oyj B pienet
2%
teollisuus I Incap Oyj keskisuuret
2%
kiinteistöyhtiöt I Investors House Oyj pienet
2%
terveydenhuolto O Optomed Oyj pienet
2%
kiinteistöyhtiöt O Ovaro Kiinteistösijoitus Oyj pienet
2%
teollisuus R Raute Oyj pienet
2%
terveydenhuolto R Revenio Group Oyj suuret
2%
teknologia S SSH Communications Security pienet
2%
teollisuus T Talenom Oyj keskisuuret
2%
teknologia T Tecnotree Oyj keskisuuret
2%
teknologia W WithSecure Oyj keskisuuret
2%
teknologia A Aspocomp Group Oyj pienet
1%
teollisuus D Dovre Group Oyj pienet
1%
teollisuus E Elecster Oyj A pienet
1%
teknologia I Innofactor Plc pienet
1%
perusteollisuus K Koskisen Oyj pienet
1%
kulutushyödykkeet N NoHo Partners Oyj keskisuuret
1%
kulutushyödykkeet O Orthex Oyj pienet
1%
teollisuus R Reka Industrial Oyj pienet
1%
teollisuus S Scanfil Oyj keskisuuret
1%
teollisuus S Sitowise Group Oyj keskisuuret
1%
teollisuus K KH Group Oyj pienet
0%
teollisuus K Kreate Group Oyj pienet
0%
yleishyödylliset palvelut L Lamor Corporation Oyj pienet
0%
teollisuus P Purmo Group Oyj C keskisuuret
0%
teknologia Q QPR Software Oyj pienet
0%
kulutushyödykkeet R Rebl Group Oyj pienet
0%
kulutushyödykkeet R Relais Group Oyj keskisuuret
0%
teollisuus R Robit Oyj pienet
0%
kulutushyödykkeet S Saga Furs Oyj C pienet
0%
teknologia S Solteq Oyj pienet
0%
Ehtoja vastaavia visoja ei löytynyt
Tulosjakauma
Jokaisen tuloksen saaneiden osuus
Persentiili vastausten määrän mukaan
Tuloshistoriasi
Et ole pelannut tätä visaa